000
00249nam a2200097Ia 4500
001
639928
005
20250826153437.0
008
250824s9999 xx 000 0 und d
245
0
_a
KURTULUŞ ANTİK
_c
MEHMET RAUF
260
_b
ANTİK DÜNYA KLASİKLERİ
999
_c
639928
_d
639928